Микроэкономика: учебник для бакалавров

Podrobná bibliografie
Korporace: Российская академия наук (РАН) Институт международных экономических и политических исследований (ИМЭПИ), Российская академия наук (РАН) Институт США и Канады (ИСК)
Další autoři: Булатов А. С. Александр Сергеевич (редактор)
Shrnutí:Электронная копия печатного издания.
Режим доступа: из корпоративной сети ТПУ
Jazyk:ruština
Vydáno: Москва, Юрайт, 2014
Edice:Электронные учебники издательства "Юрайт"
Бакалавр. Базовый курс
Témata:
On-line přístup:http://www.lib.tpu.ru/fulltext2/m/2014/FN/fn-21.pdf
Médium: MixedMaterials Elektronický zdroj Kniha
KOHA link:https://koha.lib.tpu.ru/cgi-bin/koha/opac-detail.pl?biblionumber=258229

MARC

LEADER 00000nlm0a2200000 4500
001 258229
005 20231101233257.0
010 |a 9785991630368 
035 |a (RuTPU)RU\TPU\book\281068 
090 |a 258229 
100 |a 20140423d2014 m y0rusy50 ca 
101 0 |a rus 
102 |a RU 
105 |a y j 001zy 
135 |a vocna---uucaa 
181 0 |a i  
182 0 |a b 
200 1 |a Микроэкономика  |b Электронный ресурс  |e учебник для бакалавров  |f Российская академия наук (РАН), Институт международных экономических и политических исследований (ИМЭПИ) ; Российская академия наук (РАН), Институт США и Канады (ИСК) ; под ред. А. С. Булатова 
203 |a Текст  |c электронный 
210 |a Москва  |c Юрайт  |d 2014 
215 |a 1 Мультимедиа CD-ROM 
225 1 |a Электронные учебники издательства "Юрайт" 
225 1 |a Бакалавр. Базовый курс 
230 |a Мультимедиа ресурсы (10 директорий; 100 файлов; 740MB) 
300 |a Электронная копия печатного издания. 
320 |a Библиогр.: с. 427. 
333 |a Режим доступа: из корпоративной сети ТПУ 
337 |a Pentium 100 MHz, 16 Mb RAM, Windows 95/98/NT/2000, CDROM, SVGA, звуковая карта, Internet Explorer 5.0 и выше. 
452 1 |0 (RuTPU)RU\TPU\book\263550  |y 978-5-9916-3036-8  |t Микроэкономика  |o учебник для бакалавров  |f А. С. Булатов [и др.]  |g Московский государственный институт международных отношений (МГИМО-Университет) ; Всероссийская академия внешней торговли (ВАВТ) ; Российская академия наук (РАН), Институт США и Канады (ИСК) ; под ред. А. С. Булатова  |c Москва  |n Юрайт  |d 2014  |p 439 с.  |s Бакалавр. Базовый курс 
606 1 |a Микроэкономика  |2 stltpush  |3 (RuTPU)RU\TPU\subj\36419  |9 57809 
610 1 |a экономическая теория 
610 1 |a экономические блага 
610 1 |a экономические потребности 
610 1 |a экономические агенты 
610 1 |a собственность 
610 1 |a доходы 
610 1 |a экономический кругооборот 
610 1 |a деньги 
610 1 |a цена 
610 1 |a спрос 
610 1 |a предложение 
610 1 |a рынок 
610 1 |a конкуренция 
610 1 |a экономические системы 
610 1 |a национальные модели 
610 1 |a экономические школы 
610 1 |a потребительское поведение 
610 1 |a товарные рынки 
610 1 |a фирмы 
610 1 |a трудовые ресурсы 
610 1 |a предпринимательская деятельность 
610 1 |a капитал 
610 1 |a знания 
610 1 |a природные ресурсы 
610 1 |a учебники 
610 1 |a CD-ROM 
686 |a У012.1я73  |v LBC/SL-A  |2 rubbk 
702 1 |a Булатов  |b А. С.  |g Александр Сергеевич  |4 340 
712 0 2 |a Российская академия наук (РАН)  |b Институт международных экономических и политических исследований (ИМЭПИ)  |c (1991-2005)  |c (Москва)  |2 stltpush  |3 (RuTPU)RU\TPU\col\2793 
712 0 2 |a Российская академия наук (РАН)  |b Институт США и Канады (ИСК)  |c (Москва)  |2 stltpush  |3 (RuTPU)RU\TPU\col\254 
801 1 |a RU  |b 63413507  |c 20140423 
801 2 |a RU  |b 63413507  |c 20140507  |g RCR 
856 4 |u http://www.lib.tpu.ru/fulltext2/m/2014/FN/fn-21.pdf 
900 |a Микроэкономика 
900 |a Экономика 
942 |c CF 
952 |b 080100  |l 8.1